| 000 | 00701nam a2200217Ia 4500 | ||
|---|---|---|---|
| 001 | 17591 | ||
| 003 | GE_BSU | ||
| 008 | 181216s||||||||xx |||||||||||||| ||und|| | ||
| 040 | _cGE_BSU | ||
| 080 | _a821.353.1-31 | ||
| 100 | _aკუპრავა,ოთარ | ||
| 245 | _aლურჯი იების ზღაპარი | ||
| 245 | _bრომანი | ||
| 245 | _cრედ.:ლ.სულაბერიძე;მხატვ.:კ.ბანეთიშვილი | ||
| 260 | _aთბილისი | ||
| 260 | _bლიტერატურა და ხელოვნება | ||
| 260 | _c1967 | ||
| 300 | _a216გვ;16სმ. | ||
| 653 | _aრომანი | ||
| 942 | _cBK | ||
| 999 |
_c50641 _d50641 |
||